000 00427nam a22001337a 4500
003 SGT
020 _a9788126730735
082 _a891.4309
_bK17D
100 _aदत्ता, अमित
245 _aखुद से कई सवाल : एक भारतीय फिल्म छात्र की नोटबुक
260 _bराजकमल प्रकाशन
_c2017
300 _a161
942 _2ddc
_cBK
999 _c30420
_d30420